00562nam a2200169Ia 4500008004100000041001200041082001100053100002100064245003900085260003700124300000800161650001500169700001600184942000700200999001500207952017000222221030s9999 xx 000 0 und d aEnglish a105.23 aS. A. Chunawalla 0aProduction & Operations Management bHimalaya Pub HouseaMumbaic2009 a667 aManagement aD. R. Patel cBK c6477d6477 pMBA 1292g395.00l0o105.23 r2024-04-19 00:00:00w2022-10-30yBK003Print4071aMIETLIBbMIETLIBcBL-Academic Block B, FL-1, CUP-67, SH-5, R-5d2009-12-2310HMBA